00350 2200145 4500001002100000008004100021035002000062245002100082100002100103260003000124300000700154082001100161650001200172990002000184INLIS000000000002010 ind  a0010-0824000771 aKancil dan Buaya aMB. Rahimsyah AR bSerba Jaya Surabayac2020 a16 a398.11 aDongeng a4452/BBTIV/2023